Filosofía de la nueva música

שמור ב:
מידע ביבליוגרפי
מחבר ראשי: Adorno, Theodor Wiesengrund (Author)
פורמט: ספר
שפה:ספרדית
יצא לאור: Buenos Aires Sur 1966
נושאים:
תגים: הוספת תג
אין תגיות, היה/י הראשונ/ה לתייג את הרשומה!

MARC

LEADER 00000nam a2200000 a 4500
001 UCN3257
003 CL-VaPUC
008 010622e19660000AG |||||||||||||||||spa|d
082 0 4 |a 780.1  |b ADO  |2 21 
100 0 |a Adorno, Theodor Wiesengrund  |e author  |9 325578 
245 1 0 |a Filosofía de la nueva música 
300 |a 169 p 
942 |c BK 
945 |d 20010622 00:00:00  |a crobeson 
260 |a Buenos Aires  |b Sur  |c 1966 
650 0 |a Filosofía del arte  |9 264951 
650 0 |a Música contemporánea  |9 306742 
650 0 |a Estética musical  |9 265497 
583 |a last modification  |c 20121001 10:47:13  |k Rodrigo Vera 
999 |c 296182  |d 296180 
952 |0 0  |1 0  |4 0  |6 780_100000000000000_ADO_1966  |7 0  |8 A  |9 349798  |a BIBEDU  |b BIBEDU  |d 2019-11-20  |i 1187759  |o 780.1 ADO 1966  |p 1187759  |r 2023-01-12  |w 2019-11-20  |y BK  |k MUS